Anales de la literatura espanola contemporanea.

Bibliographic Details
Previous Title:Anales de la narrativa espanola contemporanea
Corporate Author: Society of Spanish and Spanish-American Studies
Format: Journal
Language:English
Spanish
Language Notes:Articles in English or Spanish.
Published: [Lincoln, Neb.] : [Society of Spanish and Spanish-American Studies], [1982-]
Series:Publications of the Society of Spanish and Spanish-American Studies.
Subjects:
Online Availability: Check for online availability

MARC

Tag First Indicator Second Indicator Subfields
LEADER 00000cas a22000005a 4500
001 in00000083267
005 20151008061211.0
008 801007c19819999nbutr1p 0uuua0eng d
010 |a  82641820   |z sn 80002348  
012 |a 4  |k 1  |l 1 
022 0 |a 0272-1635 
035 |a (OCoLC)06796841 
035 |9 AAJ7536AM 
037 |b ALEC, Dept. of Modern Languages and Literatures, University of Nebraska-Lincoln, Oldfather Hall, Lincoln, NB 68588 
040 |a NSD  |c NSD  |d m.c.  |d NSD  |d HUL  |d IUL  |d NSD  |d IXA  |d DLC  |d NST  |d TXA  |d UtOrBLW 
041 0 |a eng  |a spa 
042 |a lc  |a nsdp 
049 |a TXAE 
050 0 0 |a PAR 
090 |a PQ6144  |b .A53 
210 0 |a Anal. lit. esp. contemp. 
222 0 |a Anales de la literatura espanola contemporanea 
245 0 0 |a Anales de la literatura espanola contemporanea. 
246 1 8 |a ALEC 
264 1 |a [Lincoln, Neb.] :  |b [Society of Spanish and Spanish-American Studies],  |c [1982-] 
264 4 |c [©1982-] 
300 |a volumes :  |b illustrations ;  |c 22 cm. 
310 |a Annual 
336 |a text  |b txt  |2 rdacontent 
337 |a unmediated  |b n  |2 rdamedia 
338 |a volume  |b nc  |2 rdacarrier 
362 0 |a Vol. 6 (1981)- 
490 1 |a Publications of the Society of Spanish and Spanish-American Studies 
500 |a Title from cover. 
546 |a Articles in English or Spanish. 
650 0 |a Spanish fiction  |y 20th century  |x History and criticism  |x Periodicals. 
650 0 |a Spanish fiction  |y 20th century  |x Bibliography  |x Periodicals. 
710 2 |a Society of Spanish and Spanish-American Studies. 
780 0 0 |t Anales de la narrativa espanola contemporanea  |x 0270-6334  |w (DLC) 80644174 
830 0 |a Publications of the Society of Spanish and Spanish-American Studies. 
999 |a MARS 
999 f f |s a010c49f-e1ed-37f2-b44d-c10ffdf5cc21  |i a6fdb762-c073-3dab-a366-b196ab3946e0  |t 0 
952 f f |a Texas A&M University  |b College Station  |c Sterling C. Evans Library  |d Evans: Library Stacks  |e PQ6144 .A53  |h Library of Congress classification  |i unmediated -- volume  |k v.50:issue 3  |l 2025  |m A14852760108  |p serial  |s Evans stk  |t 0 
952 f f |a Texas A&M University  |b College Station  |c Sterling C. Evans Library  |d Evans: Library Stacks  |e PQ6144 .A53  |h Library of Congress classification  |i unmediated -- volume  |k v.8  |l 1983  |m A14807852756  |p serial  |s Evans stk  |t 0 
952 f f |a Texas A&M University  |b College Station  |c Sterling C. Evans Library  |d Evans: Library Stacks  |e PQ6144 .A53  |h Library of Congress classification  |i unmediated -- volume  |k v.7:no.1  |l 1982  |m A14807823600  |p serial  |s Evans stk  |t 0 
952 f f |a Texas A&M University  |b College Station  |c Sterling C. Evans Library  |d Evans: Library Stacks  |e PQ6144 .A53  |h Library of Congress classification  |i unmediated -- volume  |k v.39:no.3  |l 2014  |m A14843065898  |p serial  |s Evans stk  |t 0 
952 f f |a Texas A&M University  |b College Station  |c Sterling C. Evans Library  |d Evans: Library Stacks  |e PQ6144 .A53  |h Library of Congress classification  |i unmediated -- volume  |k v.30:issue 3-4  |l 2005:Index 1976/2005  |m A14834633484  |p serial  |s Evans stk  |t 0 
952 f f |a Texas A&M University  |b College Station  |c Sterling C. Evans Library  |d Evans: Library Stacks  |e PQ6144 .A53  |h Library of Congress classification  |i unmediated -- volume  |k v.6  |l 1981  |m A14807823595  |p serial  |s Evans stk  |t 0 
952 f f |a Texas A&M University  |b College Station  |c Sterling C. Evans Library  |d Evans: Library Stacks  |e PQ6144 .A53  |h Library of Congress classification  |i unmediated -- volume  |k v.48:issue 3  |l 2023  |m A14851845454  |p serial  |s Evans stk  |t 0 
952 f f |a Texas A&M University  |b College Station  |c Sterling C. Evans Library  |d Evans: Library Stacks  |e PQ6144 .A53  |h Library of Congress classification  |i unmediated -- volume  |k v.26:no.2-3  |l 2001  |m A14830354232  |p serial  |s Evans stk  |t 0 
952 f f |a Texas A&M University  |b College Station  |c Sterling C. Evans Library  |d Evans: Library Stacks  |e PQ6144 .A53  |h Library of Congress classification  |i unmediated -- volume  |k v.11  |l 1986  |m A14811713980  |p serial  |s Evans stk  |t 0 
952 f f |a Texas A&M University  |b College Station  |c Sterling C. Evans Library  |d Evans: Library Stacks  |e PQ6144 .A53  |h Library of Congress classification  |i unmediated -- volume  |k v.25:no.1-2  |l 2000  |m A14828777995  |p serial  |s Evans stk  |t 0 
952 f f |a Texas A&M University  |b College Station  |c Sterling C. Evans Library  |d Evans: Library Stacks  |e PQ6144 .A53  |h Library of Congress classification  |i unmediated -- volume  |k v.48:issue 2  |l 2023  |m A14851840679  |p serial  |s Evans stk  |t 0 
952 f f |a Texas A&M University  |b College Station  |c Sterling C. Evans Library  |d Evans: Library Stacks  |e PQ6144 .A53  |h Library of Congress classification  |i unmediated -- volume  |k v.47:issue 1-2  |l 2022  |m A14851808783  |p serial  |s Evans stk  |t 0 
952 f f |a Texas A&M University  |b College Station  |c Sterling C. Evans Library  |d Evans: Library Stacks  |e PQ6144 .A53  |h Library of Congress classification  |i unmediated -- volume  |k v.49:issue 1  |l 2024  |m A14852071126  |p serial  |s Evans stk  |t 0 
952 f f |a Texas A&M University  |b College Station  |c Sterling C. Evans Library  |d Evans: Library Stacks  |e PQ6144 .A53  |h Library of Congress classification  |i unmediated -- volume  |k v.38:no.1/2  |l 2013  |m A14843065872  |p serial  |s Evans stk  |t 0 
952 f f |a Texas A&M University  |b College Station  |c Sterling C. Evans Library  |d Evans: Library Stacks  |e PQ6144 .A53  |h Library of Congress classification  |i unmediated -- volume  |k v.32:issue 1-2  |l 2007  |m A14837287525  |p serial  |s Evans stk  |t 0 
952 f f |a Texas A&M University  |b College Station  |c Sterling C. Evans Library  |d Evans: Library Stacks  |e PQ6144 .A53  |h Library of Congress classification  |i unmediated -- volume  |k v.30:issue 1-2  |l 2005  |m A14834633442  |p serial  |s Evans stk  |t 0 
952 f f |a Texas A&M University  |b College Station  |c Sterling C. Evans Library  |d Evans: Library Stacks  |e PQ6144 .A53  |h Library of Congress classification  |i unmediated -- volume  |k v.40:no.1  |l 2015  |m A14843065880  |p serial  |s Evans stk  |t 0 
952 f f |a Texas A&M University  |b College Station  |c Sterling C. Evans Library  |d Evans: Library Stacks  |e PQ6144 .A53  |h Library of Congress classification  |i unmediated -- volume  |k v.25:no.3  |l 2000  |m A14828779442  |p serial  |s Evans stk  |t 0 
952 f f |a Texas A&M University  |b College Station  |c Sterling C. Evans Library  |d Evans: Library Stacks  |e PQ6144 .A53  |h Library of Congress classification  |i unmediated -- volume  |k v.21  |l 1996  |m A14822178630  |p serial  |s Evans stk  |t 0 
952 f f |a Texas A&M University  |b College Station  |c Sterling C. Evans Library  |d Evans: Library Stacks  |e PQ6144 .A53  |h Library of Congress classification  |i unmediated -- volume  |k v.12  |l 1987  |m A14811713647  |p serial  |s Evans stk  |t 0 
952 f f |a Texas A&M University  |b College Station  |c Sterling C. Evans Library  |d Evans: Library Stacks  |e PQ6144 .A53  |h Library of Congress classification  |i unmediated -- volume  |k v.49:issue 2  |l 2024  |m A14852161570  |p serial  |s Evans stk  |t 0 
952 f f |a Texas A&M University  |b College Station  |c Sterling C. Evans Library  |d Evans: Library Stacks  |e PQ6144 .A53  |h Library of Congress classification  |i unmediated -- volume  |k v.40:no.3  |l 2015  |m A14843315061  |p serial  |s Evans stk  |t 0 
952 f f |a Texas A&M University  |b College Station  |c Sterling C. Evans Library  |d Evans: Library Stacks  |e PQ6144 .A53  |h Library of Congress classification  |i unmediated -- volume  |k v.18  |l 1993  |m A14818824237  |p serial  |s Evans stk  |t 0 
952 f f |a Texas A&M University  |b College Station  |c Sterling C. Evans Library  |d Evans: Library Stacks  |e PQ6144 .A53  |h Library of Congress classification  |i unmediated -- volume  |k v.29:issue 3  |l 2004  |m A14833709096  |p serial  |s Evans stk  |t 0 
952 f f |a Texas A&M University  |b College Station  |c Sterling C. Evans Library  |d Evans: Library Stacks  |e PQ6144 .A53  |h Library of Congress classification  |i unmediated -- volume  |k v.7:no.2  |l 1982  |m A14807823618  |p serial  |s Evans stk  |t 0 
952 f f |a Texas A&M University  |b College Station  |c Sterling C. Evans Library  |d Evans: Library Stacks  |e PQ6144 .A53  |h Library of Congress classification  |i unmediated -- volume  |k v.14  |l 1989  |m A14814365184  |p serial  |s Evans stk  |t 0 
952 f f |a Texas A&M University  |b College Station  |c Sterling C. Evans Library  |d Evans: Library Stacks  |e PQ6144 .A53  |h Library of Congress classification  |i unmediated -- volume  |k v.49:issue 3  |l 2024  |m A14852195529  |p serial  |s Evans stk  |t 0 
952 f f |a Texas A&M University  |b College Station  |c Sterling C. Evans Library  |d Evans: Library Stacks  |e PQ6144 .A53  |h Library of Congress classification  |i unmediated -- volume  |k v.37:no.3  |l 2012  |m A14843065922  |p serial  |s Evans stk  |t 0 
952 f f |a Texas A&M University  |b College Station  |c Sterling C. Evans Library  |d Evans: Library Stacks  |e PQ6144 .A53  |h Library of Congress classification  |i unmediated -- volume  |k v.39:no.1-2  |l 2014  |m A14843065906  |p serial  |s Evans stk  |t 0 
952 f f |a Texas A&M University  |b College Station  |c Sterling C. Evans Library  |d Evans: Library Stacks  |e PQ6144 .A53  |h Library of Congress classification  |i unmediated -- volume  |k v.13  |l 1988  |m A14812083346  |p serial  |s Evans stk  |t 0 
952 f f |a Texas A&M University  |b College Station  |c Sterling C. Evans Library  |d Evans: Library Stacks  |e PQ6144 .A53  |h Library of Congress classification  |i unmediated -- volume  |k v.45:issue 3  |l 2020  |m A14851489758  |p serial  |s Evans stk  |t 0 
952 f f |a Texas A&M University  |b College Station  |c Sterling C. Evans Library  |d Evans: Library Stacks  |e PQ6144 .A53  |h Library of Congress classification  |i unmediated -- volume  |k v.16  |l 1991  |m A14816075523  |p serial  |s Evans stk  |t 0 
952 f f |a Texas A&M University  |b College Station  |c Sterling C. Evans Library  |d Evans: Library Stacks  |e PQ6144 .A53  |h Library of Congress classification  |i unmediated -- volume  |k v.44:issue 1-2  |l 2019  |m A14851472911  |p serial  |s Evans stk  |t 0 
952 f f |a Texas A&M University  |b College Station  |c Sterling C. Evans Library  |d Evans: Library Stacks  |e PQ6144 .A53  |h Library of Congress classification  |i unmediated -- volume  |k v.46:issue 1-2  |l 2021  |m A14851502501  |p serial  |s Evans stk  |t 0 
952 f f |a Texas A&M University  |b College Station  |c Sterling C. Evans Library  |d Evans: Library Stacks  |e PQ6144 .A53  |h Library of Congress classification  |i unmediated -- volume  |k v.42:issue 3-4  |l 2017  |m A14850383077  |p serial  |s Evans stk  |t 0 
952 f f |a Texas A&M University  |b College Station  |c Sterling C. Evans Library  |d Evans: Library Stacks  |e PQ6144 .A53  |h Library of Congress classification  |i unmediated -- volume  |k v.41:issue 1-2  |l 2016  |m A14850091571  |p serial  |s Evans stk  |t 0 
952 f f |a Texas A&M University  |b College Station  |c Sterling C. Evans Library  |d Evans: Library Stacks  |e PQ6144 .A53  |h Library of Congress classification  |i unmediated -- volume  |k v.22  |l 1997  |m A14823894077  |p serial  |s Evans stk  |t 0 
952 f f |a Texas A&M University  |b College Station  |c Sterling C. Evans Library  |d Evans: Library Stacks  |e PQ6144 .A53  |h Library of Congress classification  |i unmediated -- volume  |k v.41:issue 3-4  |l 2016  |m A14850091597  |p serial  |s Evans stk  |t 0 
952 f f |a Texas A&M University  |b College Station  |c Sterling C. Evans Library  |d Evans: Library Stacks  |e PQ6144 .A53  |h Library of Congress classification  |i unmediated -- volume  |k v.29:issue 1-2  |l 2004  |m A14833709054  |p serial  |s Evans stk  |t 0 
952 f f |a Texas A&M University  |b College Station  |c Sterling C. Evans Library  |d Evans: Library Stacks  |e PQ6144 .A53  |h Library of Congress classification  |i unmediated -- volume  |k v.20  |l 1995  |m A14820710591  |p serial  |s Evans stk  |t 0 
952 f f |a Texas A&M University  |b College Station  |c Sterling C. Evans Library  |d Evans: Library Stacks  |e PQ6144 .A53  |h Library of Congress classification  |i unmediated -- volume  |k v.36:no.3  |l 2011  |m A14843065948  |p serial  |s Evans stk  |t 0 
952 f f |a Texas A&M University  |b College Station  |c Sterling C. Evans Library  |d Evans: Library Stacks  |e PQ6144 .A53  |h Library of Congress classification  |i unmediated -- volume  |k v.33  |l 2008  |m A14838820693  |p serial  |s Evans stk  |t 0 
952 f f |a Texas A&M University  |b College Station  |c Sterling C. Evans Library  |d Evans: Library Stacks  |e PQ6144 .A53  |h Library of Congress classification  |i unmediated -- volume  |k v.46:issue 3  |l 2021  |m A14851511148  |p serial  |s Evans stk  |t 0 
952 f f |a Texas A&M University  |b College Station  |c Sterling C. Evans Library  |d Evans: Library Stacks  |e PQ6144 .A53  |h Library of Congress classification  |i unmediated -- volume  |k v.32:issue 3  |l 2007  |m A14837287517  |p serial  |s Evans stk  |t 0 
952 f f |a Texas A&M University  |b College Station  |c Sterling C. Evans Library  |d Evans: Library Stacks  |e PQ6144 .A53  |h Library of Congress classification  |i unmediated -- volume  |k v.11  |l 1986  |m A14809842854  |p serial  |s Evans stk  |t 0 
952 f f |a Texas A&M University  |b College Station  |c Sterling C. Evans Library  |d Evans: Library Stacks  |e PQ6144 .A53  |h Library of Congress classification  |i unmediated -- volume  |k v.17  |l 1992  |m A14817206224  |p serial  |s Evans stk  |t 0 
952 f f |a Texas A&M University  |b College Station  |c Sterling C. Evans Library  |d Evans: Library Stacks  |e PQ6144 .A53  |h Library of Congress classification  |i unmediated -- volume  |k v.31:issue 1-2  |l 2006  |m A14836128540  |p serial  |s Evans stk  |t 0 
952 f f |a Texas A&M University  |b College Station  |c Sterling C. Evans Library  |d Evans: Library Stacks  |e PQ6144 .A53  |h Library of Congress classification  |i unmediated -- volume  |k v.10  |l 1985  |m A14809321874  |p serial  |s Evans stk  |t 0 
952 f f |a Texas A&M University  |b College Station  |c Sterling C. Evans Library  |d Evans: Library Stacks  |e PQ6144 .A53  |h Library of Congress classification  |i unmediated -- volume  |k v.42:issue 1-2  |l 2017  |m A14850383069  |p serial  |s Evans stk  |t 0 
952 f f |a Texas A&M University  |b College Station  |c Sterling C. Evans Library  |d Evans: Library Stacks  |e PQ6144 .A53  |h Library of Congress classification  |i unmediated -- volume  |k v.9  |l 1984  |m A14808351389  |p serial  |s Evans stk  |t 0 
952 f f |a Texas A&M University  |b College Station  |c Sterling C. Evans Library  |d Evans: Library Stacks  |e PQ6144 .A53  |h Library of Congress classification  |i unmediated -- volume  |k v.48:issue 1  |l 2023  |m A14851840661  |p serial  |s Evans stk  |t 0 
952 f f |a Texas A&M University  |b College Station  |c Sterling C. Evans Library  |d Evans: Library Stacks  |e PQ6144 .A53  |h Library of Congress classification  |i unmediated -- volume  |k v.27  |l 2002  |m A14830354274  |p serial  |s Evans stk  |t 0 
952 f f |a Texas A&M University  |b College Station  |c Sterling C. Evans Library  |d Evans: Library Stacks  |e PQ6144 .A53  |h Library of Congress classification  |i unmediated -- volume  |k v.34:issue 1  |l 2009  |m A14838825059  |p serial  |s Evans stk  |t 0 
952 f f |a Texas A&M University  |b College Station  |c Sterling C. Evans Library  |d Evans: Library Stacks  |e PQ6144 .A53  |h Library of Congress classification  |i unmediated -- volume  |k v.45:issue 1-2  |l 2020  |m A14851489741  |p serial  |s Evans stk  |t 0 
952 f f |a Texas A&M University  |b College Station  |c Sterling C. Evans Library  |d Evans: Library Stacks  |e PQ6144 .A53  |h Library of Congress classification  |i unmediated -- volume  |k v.31:issue 3  |l 2006  |m A14836126394  |p serial  |s Evans stk  |t 0 
952 f f |a Texas A&M University  |b College Station  |c Sterling C. Evans Library  |d Evans: Library Stacks  |e PQ6144 .A53  |h Library of Congress classification  |i unmediated -- volume  |k v.36:no.1-2  |l 2011  |m A14843065955  |p serial  |s Evans stk  |t 0 
952 f f |a Texas A&M University  |b College Station  |c Sterling C. Evans Library  |d Evans: Library Stacks  |e PQ6144 .A53  |h Library of Congress classification  |i unmediated -- volume  |k v.50:issue 1  |l 2025  |m A14852702894  |p serial  |s Evans stk  |t 0 
952 f f |a Texas A&M University  |b College Station  |c Sterling C. Evans Library  |d Evans: Library Stacks  |e PQ6144 .A53  |h Library of Congress classification  |i unmediated -- volume  |k v.43:issue 3  |l 2018  |m A14843694499  |p serial  |s Evans stk  |t 0 
952 f f |a Texas A&M University  |b College Station  |c Sterling C. Evans Library  |d Evans: Library Stacks  |e PQ6144 .A53  |h Library of Congress classification  |i unmediated -- volume  |k v.34:issue 2-3  |l 2009  |m A14838984227  |p serial  |s Evans stk  |t 0 
952 f f |a Texas A&M University  |b College Station  |c Sterling C. Evans Library  |d Evans: Library Stacks  |e PQ6144 .A53  |h Library of Congress classification  |i unmediated -- volume  |k v.38:no.3  |l 2013  |m A14843065914  |p serial  |s Evans stk  |t 0 
952 f f |a Texas A&M University  |b College Station  |c Sterling C. Evans Library  |d Evans: Library Stacks  |e PQ6144 .A53  |h Library of Congress classification  |i unmediated -- volume  |k v.28  |l 2003  |m A14832213987  |p serial  |s Evans stk  |t 0 
952 f f |a Texas A&M University  |b College Station  |c Sterling C. Evans Library  |d Evans: Library Stacks  |e PQ6144 .A53  |h Library of Congress classification  |i unmediated -- volume  |k v.35:no.1-2  |l 2010  |m A14843065971  |p serial  |s Evans stk  |t 0 
952 f f |a Texas A&M University  |b College Station  |c Sterling C. Evans Library  |d Evans: Library Stacks  |e PQ6144 .A53  |h Library of Congress classification  |i unmediated -- volume  |k v.35:no.3  |l 2010  |m A14843065963  |p serial  |s Evans stk  |t 0 
952 f f |a Texas A&M University  |b College Station  |c Sterling C. Evans Library  |d Evans: Library Stacks  |e PQ6144 .A53  |h Library of Congress classification  |i unmediated -- volume  |k v.43:issue 1-2  |l 2018  |m A14850383085  |p serial  |s Evans stk  |t 0 
952 f f |a Texas A&M University  |b College Station  |c Sterling C. Evans Library  |d Evans: Library Stacks  |e PQ6144 .A53  |h Library of Congress classification  |i unmediated -- volume  |k v.24  |l 1999  |m A14826826560  |p serial  |s Evans stk  |t 0 
952 f f |a Texas A&M University  |b College Station  |c Sterling C. Evans Library  |d Evans: Library Stacks  |e PQ6144 .A53  |h Library of Congress classification  |i unmediated -- volume  |k v.37:no.1-2  |l 2012  |m A14843065930  |p serial  |s Evans stk  |t 0 
952 f f |a Texas A&M University  |b College Station  |c Sterling C. Evans Library  |d Evans: Library Stacks  |e PQ6144 .A53  |h Library of Congress classification  |i unmediated -- volume  |k v.40:no.2  |l 2015  |m A14843315079  |p serial  |s Evans stk  |t 0 
952 f f |a Texas A&M University  |b College Station  |c Sterling C. Evans Library  |d Evans: Library Stacks  |e PQ6144 .A53  |h Library of Congress classification  |i unmediated -- volume  |k v.23  |l 1998  |m A14826001762  |p serial  |s Evans stk  |t 0 
952 f f |a Texas A&M University  |b College Station  |c Sterling C. Evans Library  |d Evans: Library Stacks  |e PQ6144 .A53  |h Library of Congress classification  |i unmediated -- volume  |k v.19  |l 1994  |m A14819491516  |p serial  |s Evans stk  |t 0 
952 f f |a Texas A&M University  |b College Station  |c Sterling C. Evans Library  |d Evans: Library Stacks  |e PQ6144 .A53  |h Library of Congress classification  |i unmediated -- volume  |k v.15  |l 1990  |m A14815076534  |p serial  |s Evans stk  |t 0 
952 f f |a Texas A&M University  |b College Station  |c Sterling C. Evans Library  |d Evans: Library Stacks  |e PQ6144 .A53  |h Library of Congress classification  |i unmediated -- volume  |k v.44:issue 3  |l 2019  |m A14851473034  |p serial  |s Evans stk  |t 0 
952 f f |a Texas A&M University  |b College Station  |c Sterling C. Evans Library  |d Evans: Library Stacks  |e PQ6144 .A53  |h Library of Congress classification  |i unmediated -- volume  |k v.47:issue 3  |l 2022  |m A14851840653  |p serial  |s Evans stk  |t 0 
952 f f |a Texas A&M University  |b College Station  |c Sterling C. Evans Library  |d Evans: Library Stacks  |e PQ6144 .A53  |h Library of Congress classification  |i unmediated -- volume  |k v.50:issue 2  |l 2025  |m A14852703785  |p serial  |s Evans stk  |t 0 
998 f f |a PQ6144 .A53  |s v.27-50:no.3 (2002-2025)   |t 0  |l Evans: Library Stacks